Intervención precoz de la microglia en las heridas experimentales de la médula del conejo (Record no. 21296)

MARC details
000 -LEADER
campo de control de longitud fija 00670nam a2200181 i 4500
001 - NÚMERO DE CONTROL
campo de control 21296
003 - IDENTIFICADOR DE NÚMERO DE CONTROL
campo de control ES-MaACL
005 - FECHA Y HORA DE LA ÚLTIMA TRANSACCIÓN
campo de control 20230906152444.0
007 - CAMPO FIJO DE DESCRIPCIÓN FÍSICA--INFORMACIÓN GENERAL
campo de control de longitud fija t|
008 - DATOS DE LONGITUD FIJA--INFORMACIÓN GENERAL
campo de control de longitud fija 021122s1926 sp ||||1| spa d
100 1# - ENTRADA PRINCIPAL--NOMBRE DE PERSONA
Nombre de persona Alberca Lorente, Román.
9 (RLIN) 19266
245 10 - MENCIÓN DEL TÍTULO
Título Intervención precoz de la microglia en las heridas experimentales de la médula del conejo
Resto del título : neuraxitis ectotropas /
Mención de responsabilidad, etc. R. Alberca.
260 ## - PUBLICACIÓN, DISTRIBUCIÓN, ETC.
Lugar de publicación, distribución, etc. [Madrid] :
Nombre del editor, distribuidor, etc. s.n.],
Fecha de publicación, distribución, etc. 1926 (
Fabricante Aldus)
300 ## - DESCRIPCIÓN FÍSICA
Extensión 4 h., 1 lám. ;
Dimensiones 24 cm.
500 ## - NOTA GENERAL
Nota general Es separata del: Boletín de la Sociedad Española de Biología, Vol. XI, Fasc. II, 1926, p. 81-88.
852 ## - LOCALIZACIÓN
Ubicación ES-MaACL
Número de control de estantería 1600-F-19
852 ## - LOCALIZACIÓN
Ubicación ES-MaACL
Número de control de estantería 1710-F-9
Holdings
Estatus retirado Estado de pérdida Estado de daño No para préstamo Colección Biblioteca de origen Biblioteca actual Ubicación en estantería Fecha de adquisición Fuente de adquisición Total de préstamos Signatura topográfica completa Código de barras Visto por última vez Precio de reemplazo Tipo de ítem Koha
        Colección de folletos Biblioteca del Ateneo de Madrid Biblioteca del Ateneo de Madrid Depósito folletos 17/01/2008     1710-F-9 1021879 23/02/2023 23/02/2023 Folleto
        Colección de folletos Biblioteca del Ateneo de Madrid Biblioteca del Ateneo de Madrid Depósito folletos 17/01/2008     1600-F-19 1021878 23/02/2023 23/02/2023 Folleto